000 00302nam a22001337a 4500
008 170526b xxu||||| |||| 00| 0 eng d
020 _a3527290109
041 _aeng
080 _a621.3
100 _a27
101 _aIM
245 _aAPPLICATIONS OF NEUTRAL NETWORK
_cSCHUSTER, H.G
942 _2udc
_cBK
999 _c14597
_d14597